Código Procesal Civil y Comercial de la provincia de Buenos Aires (Record no. 3728)
[ view plain ]
| 000 -CABECERA | |
|---|---|
| campo de control de longitud fija | 00436nam a22001337a 4500 |
| 020 ## - NUMERO INTERNACIONAL NORMALIZADO PARA LIBROS (ISBN) | |
| International Standard Book Number | 9509714649 |
| 080 ## - NUMERO DE CLASIFICACION DECIMAL UNIVERSAL (CDU) | |
| Número de la Clasificación Decimal Universal | 347.9 C 498 |
| 245 ## - MENCION DE TITULO | |
| Título propiamente dicho | Código Procesal Civil y Comercial de la provincia de Buenos Aires |
| Parte restante del título | legislación complementaria : procedimiento laboral (decreto ley 7718/71) |
| 260 ## - PUBLICACION, DISTRIBUCION, ETC. (PIE DE IMPRENTA) | |
| Lugar de publicación, distribución, etc. | Buenos Aires |
| Nombre del editor, distribuidor, etc. | La Rocca |
| Fecha de publicación, distribución, etc. | 1995 |
| 300 ## - DESCRIPCION FISICA | |
| Extensión | 425 p. |
| 650 ## - ASIENTO SECUNDARIO DE MATERIA - TERMINO TEMATICO | |
| Subdivisión general | Código Procesal Civil y Comercial |
| 945 ## - INFORMACION DE PROCESAMIENTO LOCAL | |
| Responsable de carga/modificación | Sabrina Cecilia Abram |
| AAAA-MM-DD - Fecha de ingreso/modificación | 2015-04-17 |
| 942 ## - ELEMENTOS AGREGADOS (KOHA) | |
| Clasificación normalizada de Koha para alfabetizar | _ |
| Retirado | Perdido | Fuente de clasificación | Dañado | No se presta | Ubicación permanente | Locación actual | Estante o sala | Fecha de adquisición | Total préstamos | Total renovaciones | Signatura topográfica | Inventario | Ultima fecha vista | Ultima fecha prestado | Fecha del precio | Tipo de item de Koha |
|---|---|---|---|---|---|---|---|---|---|---|---|---|---|---|---|---|
| Bib. Derecho | Bib. Derecho | Sector Prestamo | 17/04/2015 | 40 | 21 | 347.9 ( 821.2) C 498 | 202971 | 19/05/2025 | 19/05/2025 | 17/04/2015 | LIBRO |
